Statistics for Presidents by Quote - Randomized

Click here to take the quiz!

General Stats

  • This quiz has been taken 36 times
  • The average score is 4 of 12

Answer Stats

QuotePresident% Correct
I still believe in a place called HopeBill Clinton
100%
The only thing we have to fear is fear itselfFranklin D. Roosevelt
100%
I cannot tell a lie *George Washington
100%
The decision of one man, to launch a wholly unjustified and brutal invasion of Iraq. I mean, of the Ukraine. Iraq tooGeorge W. Bush
100%
I know that human beings and fish can coexist peacefullyGeorge W. Bush
100%
National honor is the national property of the highest valueJames Monroe
100%
I'm Jimmy Carter and I'm running for presidentJimmy Carter
100%
The war in Vietnam is not like these other wars. Yet, finally, war is always the same. It is young men dying in the fullness of their promise.Lyndon B. Johnson
100%
Mr. Gorbachev, tear down this wallRonald Reagan
100%
The nine most terrifying words in the English language are "I'm from the government, and I'm here to help"Ronald Reagan
100%
A general association of nations must be formed under specific covenants for the purpose of affording mutual guarantees of political independence and territorial integrity to great and small states alikeWoodrow Wilson
100%
If we see that Germany is winning we ought to help Russia and if Russia is winning we ought to help Germany, and that way let them kill as many as possibleHarry S. Truman
75%
I'm not going to do a virtual debate. I’m not going to waste my time at a virtual debateDonald Trump
67%
And I’m President of the United States and I’m not going to eat any more broccoliGeorge H. W. Bush
67%
It depends on what the meaning of the word 'is' isBill Clinton
60%
Men may die, but the fabric of our free institutions remains unshakenChester A. Arthur
50%
I am the least racist person there is anywhere in the worldDonald Trump
50%
Sixteen hours ago an American airplane dropped one bomb on Hiroshima and destroyed its usefulness to the enemyHarry S. Truman
50%
War may sometimes be a necessary evil. But no matter how necessary, it is always an evil, never a good. We will not learn how to live together in peace by killing each other's childrenJimmy Carter
50%
It shall be the policy of this Nation to regard any nuclear missile launched from Cuba against any nation in the Western Hemisphere as an attack by the Soviet Union on the United States, requiring a full retaliatory response upon the Soviet UnionJohn F. Kennedy
50%
Speak softly and carry a big stickTheodore Roosevelt
50%
I'm as strong as a bull moose and you can use me to the limitTheodore Roosevelt
50%
Why can't I just eat my waffle?Barack Obama
33%
I pity the man who wants a coat so cheap that the man or woman who produces the cloth will starve in the processBenjamin Harrison
33%
A government big enough to give you everything you want is a government big enough to take from you everything you haveGerald Ford
33%
We are all imperfect. We can not expect perfect governmentWilliam Howard Taft
33%
The nourishment is palatable *Millard Fillmore
25%
You can fool some of the people all of the time, and all of the people some of the time, but you can not fool all of the people all of the time *Abraham Lincoln
0%
But, in a larger sense, we can not dedicate, we can not consecrate, we can not hallow, this groundAbraham Lincoln
0%
The bank, Mr. Van Buren, is trying to kill me, but I will kill itAndrew Jackson
0%
No, gentlemen, if I am to be shot at, I want no man to be in the way of the bulletAndrew Johnson
0%
Tonight, I can report to the American people and to the world that the United States has conducted an operation that killed Osama bin LadenBarack Obama
0%
Nothing in the world can take the place of persistenceCalvin Coolidge
0%
Popularity, I have always thought, may aptly be compared to a coquette—the more you woo her, the more apt is she to elude your embrace
John Tyler
0%
Neither a wise man or a brave man lies down on the tracks of history to wait for the train of the future to run over himDwight D. Eisenhower
0%
I pledge you, I pledge myself, to a new deal for the American peopleFranklin D. Roosevelt
0%
You have summoned me in my weakness. You must sustain me by your strengthFranklin Pierce
0%
Guard against the impostures of pretended patriotismGeorge Washington
0%
See, free nations are peaceful nations. Free nations don't attack each other. Free nations don't develop weapons of mass destructionGeorge W. Bush
0%
I'm only waiting for my wife to grow upGrover Cleveland
0%
Older men declare war. But it is youth that must fight and dieHerbert Hoover
0%
I am the last President of the United StatesJames Buchanan
0%
I am receiving what I suppose to be the usual number of threatening letters on the subject. Assassination can be no more guarded against than death by lightning; it is best not to worry about eitherJames Garfield
0%
By the theory of our Government majorities rule, but this right is not an arbitrary or unlimited oneJames K. Polk
0%
If men were angels, no government would be necessaryJames Madison
0%
This is democracy′s day, a day of history and hope, of renewal and resolveJoe Biden
0%
There’s no reason someone needs a weapon of war with 100 rounds, 100 bullets, that can be fired from that weapon. Nobody needs that, nobody needs thatJoe Biden
0%
Thomas Jefferson survivesJohn Adams
0%
Forgive your enemies, but never forget their namesJohn F. Kennedy
0%
Courage and perseverance have a magical talisman, before which difficulties disappear and obstacles vanish into airJohn Quincy Adams
0%
Present excitement will at all times magnify present dangers, but true philosophy must teach us that none more threatening than the past can remain to be overcomeMartin Van Buren
0%
When the President does it, that means that it is not illegalRichard Nixon
0%
He serves his party best who serves the country bestRutherford B. Hayes
0%
He who reads nothing will still learn the great facts, and the details are all falseThomas Jefferson
0%
We hold these truths to be self-evident: that all men are created equalThomas Jefferson
0%
The war is over - the rebels are our countrymen againUlysses S. Grant
0%
Return to normalcy (campaign slogan)Warren G. Harding
0%
The strongest of all governments is that which is most freeWilliam Henry Harrison
0%
When the Philippines had dropped into our laps I confess I did not know what to do with themWilliam McKinley
0%
The world must be made safe for democracyWoodrow Wilson
0%
Never judge a stranger by his clothesZachary Taylor
0%

Score Distribution

Percentile by Number Answered

Percent of People with Each Score

Your Score History

You have not taken this quiz